Blackstone's Statutes on Media Law/ (Record no. 1269198)

MARC details
000 -LEADER
fixed length control field 00783nam a22002537a 4500
005 - DATE AND TIME OF LATEST TRANSACTION
control field 20250321145709.0
008 - FIXED-LENGTH DATA ELEMENTS--GENERAL INFORMATION
fixed length control field 250321b |||||||| |||| 00| 0 eng d
020 ## - INTERNATIONAL STANDARD BOOK NUMBER
International Standard Book Number 9780199656332
037 ## - SOURCE OF ACQUISITION
Terms of availability TB
040 ## - CATALOGING SOURCE
Original cataloging agency LCT
Transcribing agency LCT
041 ## - LANGUAGE CODE
Source of code eng
Language code of text/sound track or separate title eng
Language code of original eng
084 ## - COLON CLASSIFICATION NUMBER
Classification number Z(V:57) Q3
245 ## - TITLE STATEMENT
Title Blackstone's Statutes on Media Law/
250 ## - EDITION STATEMENT
Edition statement 4th ed.
260 ## - PUBLICATION, DISTRIBUTION, ETC.
Place of publication, distribution, etc. Oxford, U.K. :
Name of publisher, distributor, etc. Oxford University Press,
Date of publication, distribution, etc. 2013
300 ## - PHYSICAL DESCRIPTION
Extent viii, 412p.
650 ## - SUBJECT ADDED ENTRY--TOPICAL TERM
Topical term or geographic name entry element Law
650 ## - SUBJECT ADDED ENTRY--TOPICAL TERM
Topical term or geographic name entry element Media Law
9 (RLIN) 705309
650 ## - SUBJECT ADDED ENTRY--TOPICAL TERM
Topical term or geographic name entry element Blackstone's Statutes
9 (RLIN) 747419
650 ## - SUBJECT ADDED ENTRY--TOPICAL TERM
Topical term or geographic name entry element broadcasting regulations
9 (RLIN) 747420
700 ## - ADDED ENTRY--PERSONAL NAME
Personal name Caddell, Richard
Relator term editor
9 (RLIN) 747421
700 ## - ADDED ENTRY--PERSONAL NAME
Personal name Johnson, Howard
Relator term Editor
9 (RLIN) 747422
942 ## - ADDED ENTRY ELEMENTS (KOHA)
Source of classification or shelving scheme Colon Classification (CC)
Koha item type Textbook
Classification part Z(V:57) Q3
Suppress in OPAC No
Holdings
Withdrawn status Lost status Source of classification or shelving scheme Damaged status Not for loan Home library Current library Shelving location Date acquired Source of acquisition Inventory number Total Checkouts Full call number Barcode Date last seen Price effective from Koha item type Date last checked out
    Colon Classification (CC)     Law Centre-II Library Law Centre-II Library General Stacks 2025-03-21 Segment 69819/28.02.2025   Z(V:57) Q3 LT0029104 2025-03-21 2025-03-21 Textbook  
    Colon Classification (CC)     Law Centre-II Library Law Centre-II Library General Stacks 2025-03-21 Segment 69819/28.02.2025 1 Z(V:57) Q3 LT0029105 2025-05-08 2025-03-21 Textbook 2025-05-08
Copyright @ Delhi University Library System